000 01004nam a2200325Ia 4500
003 OSt
005 20221006141855.0
006 a|||||r|||| 00| 0
007 ta
008 221006b |||||||| |||| 00| 0 eng d
020 _a0131699962
_c290.00 (each)
020 _a9780130907820
024 _a4,538
037 _cTextual
040 _aEASL
_cEASL
_beng
041 _2eng
_aeng
082 _aW.41.N8, M5;P2
100 _aWANG James C. F.
_9646428
245 0 _aContemporary Chinese politics
_b An introduction
260 _aNew Jersey
_bPrentice-Hall
_c1985
300 _a391p.
_ccm.
490 _v CEL
650 _a Mao Zedong - Thought
_9646429
650 _a May Fourth Movement
_9646430
650 _a Origin and Rise of Chinese Communist Movement
_9646431
650 _a Political System - China - Traditional
_9646432
650 _aChina - Politics and government
_9595381
942 _hW.41.N8, M5;P2
_cTEXL
_2CC
999 _c1072624
_d1072624